000 00959nas a2200313 4500
001 BR2013005007
003 BR-BrBNA
005 20231205122543.0
007 ta
008 230509b bl.|||p| |||| 00| 00por d
040 _aBR-BrBNA
_bpor
_cBiblioteca Nacional de Agricultura
041 _a(Pt)
072 _aP06
100 1 _aSantos, R.C. dos
100 1 _aCarneiro, A. de C.O.
100 1 _aCastro, R.V.O.
100 1 _aPimenta, A.S.
100 1 _aCastro, A.F.N.M.
100 1 _aMarinho, I.V.
100 1 _aVillas Boas, M.A.
245 1 _aPotencial de briquetagem de resíduos florestais da região do Seridó, no Rio Grande do Norte
650 _aEXPLORAÇÃO FLORESTAL
650 _aRESÍDUO
650 _aBRIQUETE
650 _aENERGIA
773 0 _tPesquisa Florestal Brasileira (Brazil)
_xISSN 1809-3647
_g(Jan-Dec 2011), v. 31(65-68) p. 285-294
_wBR2013005007
909 _a202311
_bLúcia
_c55
_dLúcia Elande
942 _2AGRIS
_n0
_cANA
999 _c229248
_d229248